| 000 | 00357pab a2200145 454500 | ||
|---|---|---|---|
| 008 | 180718b1983 xxu||||| |||| 00| 0 eng d | ||
| 100 | _aKhader, S.A. | ||
| 245 | _aProductivity evaluation in public sector | ||
| 260 | _c1983 | ||
| 300 | _a185-7 | ||
| 362 | _aJuly-Sept. | ||
| 650 | _aGovernment Enterprise - India | ||
| 773 | _aProductivity | ||
| 909 | _a9273 | ||
| 999 |
_c9273 _d9273 |
||